000 00611nam a2200217Ia 4500
008 220216s9999 xx 000 0 und d
100 _aVenkatachalam P.
245 0 _aMolecular characterization of chikungunya virus in febrile patients from Central Kerala by RT-PCR assay
260 _bCurrent Science
_c2010
300 _a962-966
650 _aBlood samples
650 _aChkungunya virus
650 _aEI gene
650 _aPolymerase chain reaction
700 _aJacob J
700 _aMani Prasad P.
700 _aSaha T.
700 _aSathik M.B.M.
700 _aValsala Kumari
942 _cBS
999 _c52165
_d52165